=LDR 00000nam 2200000 4500 =001 INLIS000000000008768 =005 20130612100609 =008 ***********************************Ind** =035 ##$$0010-061300000008768 =041 ##$$a Ind =082 ##$$a 373.240 76 =090 ##$$a 373.240 76, Per P =245 ##$$a Persiapan Menghadapi ujian akhir Nasional SMK bisnis dan Manajemen 2003 =260 ##$$a 2002 $b Bandung =300 ##$$a 472 hlm, Ilus, 30 cm =650 ##$$a Ujian,Soal dsb =850 ##$$a NBPNMAT